| 000 | 00798nam a2200181Ia 4500 | ||
|---|---|---|---|
| 008 | 100921s9999 xx 000 0 und d | ||
| 082 |
_b32636 _a290 न 00 |
||
| 100 | _aभोसेकर मुरलीधर. | ||
| 245 | _aधम्मपदातील तथागतांची अमृतवाणी. | ||
| 260 |
_bमाधवी प्रकाशन,पुणे. _c2000 |
||
| 300 |
_a126 _bजयेश एजन्सी,पुणे. |
||
| 365 | _b90 | ||
| 520 | _aधर्म-अन्य धर्म. | ||
| 630 | _aधम्मपदातील तथागतांची अमृतवाणी. | ||
| 650 | _aधर्म-अन्य धर्म. | ||
| 730 | _aधम्मपदातील तथागतांची अमृतवाणी. | ||
| 942 | _cBOOK | ||
| 999 |
_c781749 _d781746 |
||